000 01109nam a22002297a 4500
005 20080616143111.0
008 080616t xxu||||| |||| 00| 0 eng d
010 _aHIN-83496
020 _a8171490905
_c400.00
035 _aHN-55842
037 _bDBAD / PUB
040 _aDPL
_bHN
082 _a608 / गर्गसी
100 _aगर्ग, सी.एल.
245 _aआधुनिक विज्ञान और प्रौद्योगिकी /
_cसी.एल.गर्ग
246 _aAadhunil vigyan aur prodyogiki
_bby C. L. Garg
260 _aदिल्ली
_bसाहित्य सहकार
_c2007
270 _a29/62-बी, गली नं.11, विश्वास नगर
_bदिल्ली
_e110032
_k22385703
300 _a304पृ
_c22सेमी(सजिल्द)
_bसचित्र
942 _cHN
_2ddc
_h608
_mगर्गसी
999 _c13693
_d13693